| 000 | 02505cam a2200325 4500500 | ||
|---|---|---|---|
| 005 | 20250120230722.0 | ||
| 041 | _afre | ||
| 042 | _adc | ||
| 100 | 1 | 0 |
_aSchauder, Claude _eauthor |
| 245 | 0 | 0 | _aTransgression précoce et mémoire du corps |
| 260 | _c2005. | ||
| 500 | _a86 | ||
| 520 | _aOn sait la profondeur des marques ou les cicatrices douloureuses jamais complètement refermées, voire les mutilations, que laissent maintes transgressions des limites du corps de l’enfant, y compris quand celles-ci n’entraînent pas de lésion anatomique. Mais par quel mécanisme le corps en garde-t-il la mémoire et en conserve-t-il l’empreinte invalidante ? Comment le sujet reprend-il à son compte et perpétue-t-il les effets de ces viols ou violences quand aucune séquelle objective n’en signale plus la réalité ou quand les faits datent d’un temps si précoce dans la vie du nourrisson qu’il est difficile de lui reconnaître le statut de sujet ? Voilà quelques unes des questions que le cas d’Alexis nous permet de retravailler à la lumière de quelques éléments de la théorie de l’image inconsciente du corps de Françoise Dolto. | ||
| 520 | _aWe know how deeply a child’s body is marked and how hurtful remain scars that never completely heal when the integrity of his body has been broken into, even if there aren’t any anatomical injuries. But what are the processes which underly the memorisation of such disabling imprints ? How does a subject take upon himself and perpetuate the effects of rape or violence when there is no visible proof or when the facts occurred so early in the infant’s life that it is difficult to establish his status as a subject. These are some of the questions that Alexis’case allows us to reconsider in the light of theoretical elements provided by Françoise Dolto’s Unconscious Body Image. | ||
| 690 | _aConstipa- tion chronique | ||
| 690 | _aFrançoise Dolto | ||
| 690 | _aTransgressions | ||
| 690 | _aViols | ||
| 690 | _aPrécoces | ||
| 690 | _aSéquelles | ||
| 690 | _aImage inconsciente du corps | ||
| 690 | _aFrançoise Dolto | ||
| 690 | _aIntegrity of child's body | ||
| 690 | _achronic constipation | ||
| 690 | _aUnconscious body image theory | ||
| 690 | _aRape | ||
| 690 | _aAnatomical injuries | ||
| 786 | 0 | _nChamp psychosomatique | 38 | 2 | 2005-05-01 | p. 123-134 | 1266-5371 | |
| 856 | 4 | 1 | _uhttps://shs.cairn.info/revue-champ-psychosomatique-2005-2-page-123?lang=fr&redirect-ssocas=7080 |
| 999 |
_c430075 _d430075 |
||